Atlas sveta

Na minha lista:
Detalhes bibliográficos
Formato: Livro
Idioma:eslovaco
Publicado em: Bratislava Slovenská kartografia 1983
Edição:12. aktual. vyd.
Tags: Adicionar Tag
Sem tags, seja o primeiro a adicionar uma tag!

MARC

LEADER 00000nam a2200000 4500
001 c115995
005 20221128072532.9
041 0 |a slo 
044 |a SK 
245 1 0 |a Atlas sveta 
250 |a 12. aktual. vyd. 
264 1 |a Bratislava  |b Slovenská kartografia  |c 1983 
300 |a 94 s.